| 000 | 00757nam a22001937a 4500 | ||
|---|---|---|---|
| 003 | OSt | ||
| 005 | 20260226051329.0 | ||
| 008 | 260226b |||||||| |||| 00| 0 eng d | ||
| 040 |
_aDWCL GS library _cOC |
||
| 082 | _aFic. D621m 2008 | ||
| 100 | _aDixon, Franklin W. | ||
| 245 |
_athe hard boys mystery stories 23 _b: the melted coins _cFranklin W. Dixon |
||
| 260 |
_aNew York _bGrosset & Dunlap, Inc. _cc1944 |
||
| 300 |
_a180 _billustrations _c19cm |
||
| 520 | _aSuspecting that their friend has been swindled, the Hardy brothers investigate and find themselves on the trail of a much larger criminal operation. | ||
| 546 | _aEnglish | ||
| 700 | _aFranklin W. Dixon | ||
| 942 |
_2ddc _cFIC. _hFic. D621m 2008 _n0 |
||
| 999 |
_c8562 _d8562 |
||